The genius of Microsoft : (Record no. 2760)

MARC details
000 -LEADER
fixed length control field 01435cam a2200313 i 4500
003 - CONTROL NUMBER IDENTIFIER
control field GSU
005 - DATE AND TIME OF LATEST TRANSACTION
control field 20260617153726.0
008 - FIXED-LENGTH DATA ELEMENTS--GENERAL INFORMATION
fixed length control field 210507s2023 mnu job 001 0 eng
020 ## - INTERNATIONAL STANDARD BOOK NUMBER
Canceled/invalid ISBN 9781728449548 (paperback)
040 ## - CATALOGING SOURCE
Original cataloging agency DLC
Language of cataloging eng
Transcribing agency GSU
Description conventions rda
Modifying agency GSU
050 00 - LIBRARY OF CONGRESS CALL NUMBER
Classification number QA76.76.W56
Item number GOL
100 1# - MAIN ENTRY--PERSONAL NAME
Personal name Goldstein, Margaret J.,
Relator term author.
245 14 - TITLE STATEMENT
Title The genius of Microsoft :
Remainder of title how Bill Gates and Windows changed the world /
Statement of responsibility, etc. Margaret J. Goldstein.
264 #1 - PRODUCTION, PUBLICATION, DISTRIBUTION, MANUFACTURE, AND COPYRIGHT NOTICE
Place of production, publication, distribution, manufacture Minneapolis :
Name of producer, publisher, distributor, manufacturer Lerner Publications,
Date of production, publication, distribution, manufacture, or copyright notice 2023
336 ## - CONTENT TYPE
Content type term text
Content type code txt
Source rdacontent
337 ## - MEDIA TYPE
Media type term unmediated
Media type code n
Source rdamedia
338 ## - CARRIER TYPE
Carrier type term volume
Carrier type code nr
Source rdacarrier
490 0# - SERIES STATEMENT
Series statement Alternator books. Tech titans
504 ## - BIBLIOGRAPHY, ETC. NOTE
Bibliography, etc. note Includes bibliographical references and index.
520 ## - SUMMARY, ETC.
Summary, etc. "With its groundbreaking Windows operating system, Microsoft transformed personal computing. Learn how founder Bill Gates turned Microsoft into one of the biggest companies in the world using cool technology and the power of coding"--
Assigning source Provided by publisher.
521 ## - TARGET AUDIENCE NOTE
Target audience note Ages 8-12.
521 ## - TARGET AUDIENCE NOTE
Target audience note Grades 4-6.
588 ## - SOURCE OF DESCRIPTION NOTE
Source of description note Description based on print version record.
600 10 - SUBJECT ADDED ENTRY--PERSONAL NAME
Personal name Gates, Bill,
Dates associated with a name 1955-
Form subdivision Juvenile literature.
610 20 - SUBJECT ADDED ENTRY--CORPORATE NAME
Corporate name or jurisdiction name as entry element Microsoft Corporation
Form subdivision Juvenile literature.
650 #0 - SUBJECT ADDED ENTRY--TOPICAL TERM
Topical term or geographic name entry element Windows (Computer programs)
Form subdivision Juvenile literature.
655 #7 - INDEX TERM--GENRE/FORM
Genre/form data or focus term Literature.
Source of term lcgft
Authority record control number or standard number https://id.loc.gov/authorities/genreForms/gf2014026415
942 ## - ADDED ENTRY ELEMENTS (KOHA)
Source of classification or shelving scheme Library of Congress Classification
Koha item type Books
Classification part QA76.76W56
Call number suffix GOL
Suppress in OPAC No

No items available.